00816cam a2200265 i 4500001000300000003000900003005001700012008003900029015001800068020001500086020001500101040003500116080001000151080001200161100003700173245005700210246001300267250001200280260004200292300004100334655003000375650001300405710003400418856009800452bgKOSZ 00520191003082207.0980708s1996 pl a f f |000 0 pol aPB 1996/14544 a8301023112 a8301023090 aWA NcKOSZ 005/HRdKOSZ 005/HR a531.3 a(075.8)1 aLeyko, Jerzyd(1918-1995)eAutor10aMechanika ogólna.nT. 2,pDynamika /cJerzy Leyko.30aDynamika aWyd. 7. aWarszawa :bWydaw Naukowe PWN,c1996. a402, [2] s. :brys., wykr. ;c24 cm. 4aPodręczniki akademickie 4aDynamika2 aWydawnictwo Naukowe PWN4pbl. uhttp://koha.tu.koszalin.pl/cgi-bin/koha/opac-detail.pl?biblionumber=24708yKatalog online BPK